000 00585cab a2200241 4500
001 ABS49138
008 090401t1993 xxu||||| |||| 00| 0 eng d
035 _a(Sirsi) u70165
041 _aeng
245 _aGrampian and Tayside
260 _c1993
350 _a0
490 _aEstates Times
_v(1201) 20-27 August 1993, 16-20(4)
650 _aABERDEEN
650 _aDUNDEE
650 _aINDUSTRIAL
650 _aOFFICES
650 _aPLANNING
650 _aRENTS
690 _aPROPERTY-COMMERCIAL PROPERTY-COMMERCIAL PROPERTY MARKET
942 _n0
948 _c04/03/1997
999 _c44141
_d44141